000 00691nam a2200265Ia 4500
005 20260121172434.0
008 008 260114s9999 xx 000 0 eng d
020 _a9789811610868
037 _aEBOOK
040 _aCRL
040 _beng
040 _cCRL
041 _2eng
041 _aeng
084 _qCRL
100 _aSatish Kumar Singh, Partha Roy, Balasubramanian Raman, P. Nagabhushan
_91088447
245 0 _aComputer Vision and Image Processing
260 _bSpringer
260 _bSpringer
260 _c2021
856 _uhttps://link.springer.com/openurl?genre=book&isbn=978-981-16-1086-8
942 _cEBOOK
999 _c1654186
_d1654186